Produits tensoriels topologiques et espaces nucleaires

Saved in:
Bibliographic Details
Main Author: Grothendieck, Alexander
Format: Book
Language:English
Published: Providence, R.I. : American Mathematical Society, 1955
Series:Memoirs of the American Mathematical Society ; ; 16
Subjects:
Tags: Add Tag
No Tags, Be the first to tag this record!

MARC

LEADER 00000nam a2200000 i 4500
001 1/45285
008 941103s1955 eng d
020 |a 0-8218-1216-5 
035 |a 1993  |c ΑΝΟΥΣΗΣ  |l 10042501 
040 |a GR-MY-UA  |b gre  |e aacr 
041 0 |a eng 
082 0 |a 512.55 
100 1 |a Grothendieck, Alexander. 
245 1 0 |a Produits tensoriels topologiques et espaces nucleaires /  |c Alexander Grothendieck 
260 |a Providence, R.I. :   |b American Mathematical Society,   |c 1955 
300 |a 140 p.;  |c 26 cm. 
490 1 |a Memoirs of the American Mathematical Society  |v ; 16 
500 |a Bibliography: 138-140 p. 
650 0 0 |a Algebraic topology. 
650 0 0 |a Vector analysis. 
650 0 0 |a Algebras, Linear. 
830 0 |a Memoirs of the American Mathematical Society ;  |v ; 16 
852 |a INST  |b SAMOS  |e 19941103  |h 512.55 GRO  |p 005300003641  |q 005300003641  |t BK  |y 0 
909 |a Σ  |b 026049